| 000 | 00397nam a22001457a 4500 | ||
|---|---|---|---|
| 008 | 201213b xxu||||| |||| 00| 0 eng d | ||
| 082 | _aCD17079 | ||
| 100 | _aPoudel, Shalik Ram | ||
| 245 | _aMarketing strategy of two wheelers | ||
| 260 |
_aKathmandu: _c2013. |
||
| 502 |
_aDissertation _bDegree in Management _cTU |
||
| 650 | _aManagement | ||
| 650 |
_aMarketing policy _94212 |
||
| 942 |
_2ddc _cVM |
||
| 999 |
_c96992 _d96981 |
||